[Event "IMSA Blitz Women 2019"]
[Site "Hengshui"]
[Date "2019.05.17"]
[Round "4.2"]
[White "Dzagnidze, Nana"]
[Black "Stefanova, Antoaneta"]
[Result "1-0"]
[WhiteElo "2510"]
[BlackElo "2470"]
[Annotator "TA"]
[PlyCount "124"]
[EventDate "2019.05.17"]
[EventType "blitz"]
[EventCountry "CHN"]
[SourceTitle "playchess.com"]
[Source "ChessBase"]
[SourceQuality "1"]

{[%evp 12,124,8,0,43,43,66,30,44,0,0,0,0,-22,-8,-47,-50,-35,0,-75,6,-110,-35,-11,0,-23,0,-26,18,14,25,36,64,61,60,40,38,37,41,38,58,50,66,47,66,69,66,71,62,64,92,92,93,93,93,93,97,92,92,92,92,88,88,79,87,0,88,88,92,88,93,92,92,0,92,92,92,69,92,0,92,92,158,101,264,81,81,73,73,73,73,73,80,80,81,81,343,343,343,343,310,310,302,83,83,38,38,38,29961,29960,29970,29971,29970,29970,29978]} 1. c4 e6 2. Nf3 d5 3. b3 Nf6 4. Bb2 c5 5. e3 Nc6 6. cxd5 exd5 7. Bb5 a6 {A13: English Opening: 1...e6} (7... Bd6 8. d4 cxd4 9. Nxd4 O-O 10. O-O Qb6 11. Bd3 Be5 12. Qd2 Nxd4 13. exd4 Bd6 14. Nc3 Bd7 15. Rfe1 Rfe8 {0-1 (62) Mamedyarov,S (2801)-Giri,A (2782) chess.com INT 2018}) 8. Bxc6+ bxc6 {[%cal Bb7c6,Bc6c5][%mdl 32]} 9. O-O Bd6 {White has an edge.} 10. d4 cxd4 11. Qxd4 O-O 12. h3 $146 ({Predecessor:} 12. Nbd2 a5 13. Rac1 c5 14. Qc3 Bb7 15. Rfd1 {½-½ (41) Kukhmazov,A (2271)-Batchuluun,T (2521) Voronezh 2014}) 12... Re8 13. Nc3 c5 14. Qh4 Bb7 15. Rfd1 (15. Na4 $1 $11) 15... Bf8 (15... Qd7 $17) 16. Ne2 {[#]} (16. Na4 $11 {keeps the balance.}) 16... Ne4 ({Better is} 16... d4 $1 $17 {[%mdl 512]} 17. Nf4 (17. exd4 Rxe2) 17... Qb8) 17. Qxd8 $15 Raxd8 18. Rac1 a5 19. Nf4 Rd6 20. Nd2 Nxd2 21. Rxd2 a4 22. Rxc5 Rb6 23. Rcc2 (23. Rc1 {is interesting.} axb3 24. Bd4 Rb4 25. Nd3 Rb5 26. Rb1) 23... axb3 24. axb3 Rxb3 25. Nxd5 h5 26. Nf4 Be4 27. Rc4 Bb4 28. Rdd4 Rxb2 29. Rxb4 Rxb4 30. Rxb4 $14 {[%mdl 4096] Endgame KRB-KRN} g6 31. h4 Kg7 32. f3 Bf5 33. e4 Be6 34. Rb7 Kf6 35. Kf2 Ra8 36. Rb5 Ra2+ 37. Ke3 Ra3+ 38. Kf2 Ra2+ $1 39. Kg3 Ra6 40. Rc5 Kg7 41. Rc7 Kf6 42. Rc5 Kg7 $1 43. Ne2 Ra2 44. Ng1 Ra6 45. Ne2 Ra2 $1 {[%cal Ra2e2]} 46. Nd4 Ra6 {[#]} ({Black should try} 46... Kf6) 47. Kf4 (47. Rc6 $142 $1 Rxc6 48. Nxc6) 47... Kf6 $2 (47... Ba2 $16 {might work better.} 48. Nc6 Ra4) 48. e5+ $2 (48. Rc6 $18 {has better winning chances.} Rxc6 49. Nxc6) 48... Kg7 $16 49. g3 Ra4 50. Ke3 Ra3+ 51. Ke4 Ra4 52. Rc3 Rb4 53. Ke3 Rb6 $2 {[%mdl 8192] [#]} (53... Bh3 $16) 54. Rc6 $1 $18 Rxc6 55. Nxc6 {KB-KN} Bd5 56. Nd4 f6 57. f4 $2 (57. exf6+ $18 Kxf6 58. Kf4) 57... Kf7 $16 58. Kd3 Ba2 59. Ke4 Bb1+ $2 {[%mdl 8192]} (59... Bc4 $14) 60. Kd5 {White mates.} Ba2+ 61. Kd6 fxe5 62. fxe5 Ke8 {Accuracy: White = 51%, Black = 32%.} 1-0

[Event "IMSA Blitz Women 2019"]
[Site "Hengshui"]
[Date "2019.05.17"]
[Round "4.2"]
[White "Harika, Dronavalli"]
[Black "Gunina, Valentina"]
[Result "1-0"]
[WhiteElo "2492"]
[BlackElo "2506"]
[Annotator "TA"]
[PlyCount "121"]
[EventDate "2019.05.17"]
[EventType "blitz"]
[EventCountry "CHN"]
[SourceTitle "playchess.com"]
[Source "ChessBase"]
[SourceQuality "1"]

{[%evp 14,121,17,18,45,-106,-93,-106,-91,-98,-70,-68,-63,-64,-72,-75,-68,-76,-75,-79,-75,-68,-67,-93,-70,-90,-63,-83,-82,-92,-100,-99,-106,-107,-101,-129,-97,-91,-100,-89,-86,-220,-208,-220,-127,-110,0,0,204,201,208,152,154,139,316,313,281,252,219,178,173,173,235,221,606,498,497,497,498,493,525,502,485,236,244,239,477,467,1074,1076,968,1072,1076,1076,12837,1076,1076,1076,1076,1033,994,994,1663,1653,1653,1641,1641,1631,1605,1600,1571,1469,1559,1552,1397,1280,1191,948,29982,29983]} 1. c4 Nf6 2. Nc3 e6 3. e4 c5 4. e5 Ng8 5. Nf3 Nc6 6. d4 cxd4 7. Nxd4 Nxe5 8. Ndb5 d6 {A19: English Opening: Flohr-Mikenas System with 3...c5} (8... a6 9. Nd6+ Bxd6 10. Qxd6 f6 11. Be3 Ne7 12. Bb6 Nf5 13. Qb4 Nc6 14. Qc5 d6 15. Bxd8 dxc5 16. Bb6 e5 17. O-O-O Ncd4 18. Bxc5 Bd7 19. Bd3 {½-½ (30) Giri,A (2767)-Dubov,D (2648) Novi Sad 2016}) 9. Bf4 $2 (9. c5 $14 {stays ahead.} a6 10. Nxd6+ Bxd6 11. Qxd6 (11. cxd6 Nf6 $16) 11... Qxd6 12. cxd6) 9... a6 $1 $17 {[%cal Ra6b5]} 10. Na3 Ng6 {Black is better.} 11. Bg3 Nf6 12. Be2 $146 ({Predecessor:} 12. Bd3 Be7 13. h4 d5 14. h5 Bxa3 15. Qa4+ b5 16. Qxa3 dxc4 17. Bc2 Ne7 18. Nxb5 axb5 19. Qxa8 O-O 20. Rd1 Ned5 21. Qa7 Bd7 22. Be5 {½-½ (22) Velasquez,J (2022)-Bonn,T (1890) Rochefort 2004}) 12... Be7 13. O-O O-O 14. Nc2 Qc7 15. Qd2 b6 16. Rfd1 {[%cal Rg3d6]} Rd8 17. Rac1 Bb7 18. Ne3 Ne5 19. h3 h6 20. b3 Rac8 21. f4 Ng6 22. f5 exf5 23. Nxf5 Qc5+ 24. Nd4 Ne4 25. Nxe4 Bxe4 26. Bg4 Bg5 $1 {[%cal Rg5d2]} 27. Qf2 {[#]} (27. Qe1 $17 Bxc1 28. Bxc8) 27... f5 $1 $19 ({Don't take} 27... Bxc1 28. Bxc8 Rxc8 29. Rxc1 $17) 28. Nxf5 Bxc1 (28... Bxf5 $19 29. Bxf5 Be3 30. Bxg6 Bxf2+ 31. Bxf2 Qg5) 29. Rxc1 $17 {[#] And now Nxd6 would win.} Rf8 ({Better is} 29... h5 $1 $17 30. Nxd6 (30. Bxh5 Qxf5) 30... Qxf2+ 31. Bxf2 hxg4 32. Nxe4 Nf4) 30. Qxc5 $11 dxc5 $2 (30... Rxc5 $11 {and Black is okay.} 31. Nxd6 Bc6) 31. Nd6 $1 $18 {[%csl LRc8,LRe4][%mdl 64] Double Attack} Rce8 32. Nxe8 Rxe8 33. Re1 Re7 $2 (33... Kf7 $16 34. Bc7 b5) 34. Bd6 Re8 35. Bc7 b5 36. Bd6 bxc4 37. bxc4 {[%cal Bb3c4,Bc4c5][%mdl 32]} Kh7 (37... Kf7 {was worth a try.} 38. Bxc5 Bd3 39. Rxe8 Kxe8) 38. Bxc5 Nh4 $2 (38... Bc6 39. Rxe8 Bxe8) 39. Bf2 Ng6 40. c5 Re7 41. h4 h5 42. Bxh5 Kh6 43. Bxg6 (43. Bg4 $142) 43... Kxg6 {[%mdl 4096] Endgame KRB-KRB} 44. c6 {Hoping for c7!} Kf5 $2 {[#]} (44... Kf7 {was called for.} 45. c7 Bb7) 45. g4+ $1 Kxg4 {[#]} (45... Kf6 $142 46. Bc5 Re6) 46. c7 $1 {[%cal Rc7c8][%mdl 576] Deflection} Rxc7 47. Rxe4+ {KRB-KR} Kf3 48. Re3+ Kf4 49. Ra3 {Black must now prevent Bg3+.} Rc6 50. Kg2 Kg4 51. Ra4+ Kf5 52. Ra5+ Kg4 53. Rg5+ Kf4 54. a4 {[%cal Ba2a4,Ba4a5][%mdl 32]} g6 55. a5 Ke4 56. Bg3 Rc2+ 57. Kh3 Rc6 58. Kg4 Kd4 59. Be5+ Ke4 60. Bf4 Re6 {[#]} 61. Re5+ $1 {[%mdl 512] Accuracy: White = 59%, Black = 32%.} 1-0

[Event "IMSA Blitz Women 2019"]
[Site "Hengshui"]
[Date "2019.05.17"]
[Round "4.2"]
[White "Khotenashvili, Bela"]
[Black "Muzychuk, Mariya"]
[Result "1-0"]
[WhiteElo "2476"]
[BlackElo "2563"]
[Annotator "ChessBase"]
[PlyCount "73"]
[EventDate "2019.05.17"]
[EventType "blitz"]
[EventCountry "CHN"]
[SourceTitle "playchess.com"]
[Source "ChessBase"]
[SourceQuality "1"]
[TimeControl "180+2"]

1. d4 Nf6 {[%emt 0:00:00]} 2. Nc3 {[%emt 0:00:00]} d5 {[%emt 0:00:00]} 3. Bf4 {[%emt 0:00:00]} Bf5 {[%emt 0:00:03]} 4. e3 {[%emt 0:00:02]} e6 {[%emt 0:00:01]} 5. Nf3 {[%emt 0:00:12]} Bd6 {[%emt 0:00:02]} 6. Ne5 {[%emt 0:00:04]} O-O {[%emt 0:00:13]} 7. h3 {[%emt 0:00:09]} a6 {[%emt 0:00:10]} 8. g4 {[%emt 0:00:07]} Bg6 {[%emt 0:00:02]} 9. h4 {[%emt 0:00:03]} h5 {[%emt 0:00:24]} 10. g5 {[%emt 0:00:05]} Ne4 {[%emt 0:00:09]} 11. Be2 {[%emt 0:00:21]} Nxc3 {[%emt 0:00:17]} 12. bxc3 {[%emt 0:00:01]} Be4 {[%emt 0:00:01]} 13. Rg1 {[%emt 0:00:10]} g6 {[%emt 0:00:00]} 14. Bxh5 {[%emt 0:00:38]} Nd7 {[%emt 0:00:31]} 15. Bf3 {[%emt 0:00:19]} c5 {[%emt 0:00:09]} 16. Bxe4 {[%emt 0:00:07]} dxe4 {[%emt 0:00:01]} 17. Nxg6 {[%emt 0:00:09]} fxg6 {[%emt 0:00:10]} 18. Bxd6 {[%emt 0:00:00]} Rf3 {[%emt 0:00:01]} 19. dxc5 {[%emt 0:00:07]} Qe8 {[%emt 0:00:22]} 20. Qd4 {[%emt 0:00:13]} Qf7 {[%emt 0:00:01]} 21. Rg2 {[%emt 0:00:07]} Rh3 {[%emt 0:00:05]} 22. O-O-O {[%emt 0:00:14]} Rxh4 {[%emt 0:00:02]} 23. Bg3 {[%emt 0:00:19]} Rh7 {[%emt 0:00:00]} 24. Rh2 {[%emt 0:00:11]} Rxh2 {[%emt 0:00:06]} 25. Bxh2 {[%emt 0:00:01]} Nf8 {[%emt 0:00:05]} 26. Bf4 {[%emt 0:00:05]} Rc8 {[%emt 0:00:02]} 27. Rh1 {[%emt 0:00:05]} Nh7 {[%emt 0:00:00]} 28. Qxe4 {[%emt 0:00:02]} Rxc5 {[%emt 0:00:02]} 29. Qd4 {[%emt 0:00:01]} Rd5 {[%emt 0:00:03]} 30. Qc4 Qd7 {[%emt 0:00:02]} 31. e4 {[%emt 0:00:05]} Ra5 {[%emt 0:00:07]} 32. Rd1 {[%emt 0:00:01]} Qe7 {[%emt 0:00:02]} 33. Qc8+ {[%emt 0:00:01]} Nf8 {[%emt 0:00:03]} 34. Bd6 {[%emt 0:00:01]} Qf7 {[%emt 0:00:02]} 35. Bxf8 {[%emt 0:00:03]} Qf4+ {[%emt 0:00:01]} 36. Kb1 {[%emt 0:00:02]} Rb5+ {[%emt 0:00:01]} 37. Bb4+ {[%emt 0:00:01]} 1-0

[Event "IMSA Blitz Women 2019"]
[Site "Hengshui"]
[Date "2019.05.17"]
[Round "4.2"]
[White "Paehtz, Elisabeth"]
[Black "Bodnaruk, Anastasia"]
[Result "1-0"]
[WhiteElo "2470"]
[BlackElo "2431"]
[Annotator "TA"]
[PlyCount "139"]
[EventDate "2019.05.17"]
[EventType "blitz"]
[EventCountry "CHN"]
[SourceTitle "playchess.com"]
[Source "ChessBase"]
[SourceQuality "1"]

{[%evp 13,139,1,3,0,14,16,29,-2,13,13,77,77,67,34,38,41,48,41,51,43,48,37,52,54,57,62,56,55,47,61,45,27,29,31,31,23,170,-80,123,114,185,194,215,215,211,184,156,145,145,145,145,145,145,145,144,0,219,219,284,284,286,280,286,79,79,79,725,725,706,716,1490,1240,29961,29959,29965,29966,29966,29968,29968,29969,29969,29970,29971,29972,29972,29973,29974,29975,29977,29978,29978,29979,29979,29980,29979,29978,29977,29977,29977,29977,29977,29978,29978,29977,29977,29978,29977,29975,29975,29974,29974,29974,29974,29975,29975,29976,29980,29976,29976,29976,29976,29977,29977,29977,29978,29979,29977,29977]} 1. d4 Nf6 2. Nf3 g6 3. Bg5 Bg7 4. Nbd2 d5 5. c3 O-O 6. e3 c5 7. Be2 b6 8. O-O {D03: 1 d4 d5 2 Nf3 Nf6 3 Bg5, including Torre Attack with early ...d5} Nc6 (8... Bb7 9. Re1 Nc6 10. a4 Nd7 11. Qb1 Qc8 12. b4 e6 13. b5 Na5 14. Qa2 Re8 15. Rac1 a6 16. c4 axb5 17. cxb5 {0-1 (40) Nepomniachtchi,I (2757)-Grischuk,A (2766) chess.com INT 2018}) 9. Qa4 Bb7 10. Qa3 $146 {White has an edge.} ({Predecessor:} 10. Rfd1 cxd4 11. cxd4 Qd7 12. Qa3 Rfc8 13. h3 e6 14. Rac1 h6 15. Bf4 Ne4 {1-0 (41) Epishin,V (2574)-Matinian,N (2439) St Petersburg 2012}) 10... cxd4 11. cxd4 Qd6 (11... h6 $11 {remains equal.} 12. Bh4 g5) 12. Qxd6 $16 exd6 13. Rfc1 (13. Bxf6 $5 Bxf6 14. Rac1 $11) 13... Ne4 14. Bf4 Rac8 15. a3 Rfd8 16. Nxe4 dxe4 17. Nd2 d5 18. Rc3 Nxd4 19. exd4 Bxd4 20. Rxc8 Rxc8 21. Rb1 Rc2 22. Bd1 Rxb2 23. Rxb2 Bxb2 24. a4 {[%cal Ba3a4,Ba4b5][%mdl 32]} d4 (24... Kf8 $11) 25. Bb3 $2 (25. Nc4 $18 Bc3 26. Nd6) 25... Kg7 $2 (25... Bc1 $17 {keeps the pressure on. ...e3! is the strong threat.} 26. f3 h6 $1 {[%mdl 512]}) 26. Nc4 Bc3 (26... Bd5 $16) 27. Nd6 $18 Bc6 {[#]} 28. Nb5 $1 ({Weaker is} 28. Bxf7 Kf6 $16) ({Don't take} 28. Nxf7 $6 Bxa4 29. Bh6+ (29. Bxa4 Kxf7 30. Bc6 e3 $16) 29... Kf6 $16) 28... Bxb5 29. axb5 d3 30. Bb8 f5 31. g3 g5 32. Bxa7 Bd4 33. Bb8 Kf6 34. Kf1 (34. Bc7 $16) 34... h6 $2 (34... Be5 $11 {and Black stays safe.} 35. Ba7 Bc7) 35. Bc7 Ke7 36. h4 Kd7 37. Bb8 Ke7 38. hxg5 $2 (38. Bd5 $18 {has better winning chances.}) 38... hxg5 $16 39. Bd5 {Threatens to win with g4!} Kd7 $2 {[%mdl 8192] [#]} (39... g4 $16) 40. g4 $1 $18 d2 (40... fxg4 41. Bxe4) 41. Ke2 fxg4 42. Bxe4 Bxf2 43. Kxd2 {White mates.} g3 44. Ke2 Ke6 45. Kf3 Bc5 46. Bxg3 Be7 47. Kg4 Bd8 48. Bc6 Kf6 49. Bf2 Kg6 50. Be3 Kh6 51. Be4 Kg7 52. Bxg5 Bc7 53. Kf5 Kf7 54. Bf4 Bd8 55. Bc6 Be7 56. Ke5 Bc5 57. Kd5 Ke7 58. Be5 Bb4 59. Bd4 Ba5 60. Bb7 Kd7 61. Ba6 Kc7 62. Be5+ Kd7 63. Kc4 Bd2 64. Bb7 Ba5 65. Bg3 Bd2 66. Bc6+ Kc8 67. Be4 Kd7 68. Kd5 Ba5 69. Bf5+ Kd8 70. Kc6 {Accuracy: White = 70%, Black = 36%.} 1-0

[Event "IMSA Blitz Women 2019"]
[Site "Hengshui"]
[Date "2019.05.17"]
[Round "4.2"]
[White "Ushenina, Anna"]
[Black "Abdumalik, Zhansaya"]
[Result "0-1"]
[WhiteElo "2442"]
[BlackElo "2464"]
[Annotator "TA"]
[PlyCount "70"]
[EventDate "2019.05.17"]
[EventType "blitz"]
[EventCountry "CHN"]
[SourceTitle "playchess.com"]
[Source "ChessBase"]
[SourceQuality "1"]

{[%evp 9,72,25,23,23,20,16,22,-11,-7,-7,-7,-22,6,6,24,16,14,9,11,0,0,-25,-16,-41,22,25,4,-31,27,-136,38,29,41,35,39,50,57,7,7,14,33,31,37,27,46,0,0,0,0,-32,62,53,912,912,875,873,649,266,289,-29996,-29997,-29997,-29998,-29998,-29999]} 1. d4 Nf6 2. Nf3 g6 3. Nbd2 d6 4. e4 Bg7 5. Bb5+ c6 6. Bd3 {B07: Pirc Defence: Miscellaneous Systems} O-O 7. O-O c5 8. dxc5 {The position is equal.} (8. d5 e6 9. c4 Re8 10. Rb1 Na6 11. a3 exd5 12. exd5 Nc7 13. b3 b5 14. Qc2 Rb8 15. Bb2 Bd7 16. Bc3 Na8 17. Rfe1 Nb6 18. Rxe8+ Bxe8 19. Qc1 {½-½ (19) Dubov,D (2703)-Svidler,P (2737) St Petersburg 2018}) 8... dxc5 9. Qe2 Nc6 10. c3 h6 (10... Nh5 $5 {[%cal Rh5f4]} 11. Nb3 b6 $11) 11. a4 $146 ({Predecessor:} 11. Nc4 Qc7 12. Rd1 Be6 13. g3 Rad8 14. Bf4 Qc8 15. a4 b6 16. Ne1 {½-½ (15) Bohnhoff,P-Bauer,C Bingen 1990}) 11... Bg4 12. Nc4 Qc7 13. h3 Be6 14. Nfd2 Nh5 15. Qe3 Rad8 16. Bc2 b6 (16... g5 $15) 17. f4 $11 f5 18. exf5 Bxf5 (18... Nd4 $1 $15 19. Bd1 Rxf5) 19. Ne4 $2 ({White must play} 19. Bxf5 $11 gxf5 20. Qf3) 19... Nf6 $2 ({Black should try} 19... e5 $17 20. g4 exf4) 20. Nxf6+ $14 Bxf6 21. Bxf5 gxf5 22. Qe2 Qd7 23. Qh5 Kh7 24. Ne5 Nxe5 25. fxe5 Bg7 26. Bf4 Qc6 27. Rf3 c4 28. Kh1 Rd3 29. Raf1 (29. Kh2 {is interesting.} Qe6 30. Re1 Rfd8 31. Rf2 Qg6 32. Qh4) 29... Qxa4 {[#]} ({Better is} 29... Rxf3 $15 30. Rxf3 (30. gxf3 Qxa4 31. Qh4 Qd7 $15) 30... Qxa4) 30. Bxh6 $1 {[%mdl 512]} Bxh6 $2 {[%mdl 8192]} (30... Qe8 $14 31. Qxe8 Rxe8 32. Bxg7 Rxf3 33. Rxf3 Kxg7) 31. Rxf5 $18 Rxf5 32. Qxf5+ Kh8 {[#]} 33. Qg6 (33. Qh5 $142 $1 {[%mdl 512]} Qc6 34. Rf8+ Kh7 35. Qf5+ Qg6 {[#]} 36. Rh8+ $1 {[%mdl 576] Deflection} Kxh8 37. Qxg6) 33... Bg7 34. Rf7 $4 {[%mdl 8192]} ({Less strong is} 34. Qh5+ Kg8 $11) (34. Rf5 $18 Rxh3+ 35. gxh3 Qd1+ 36. Qg1) 34... Qd1+ {Black mates.} 35. Kh2 Bxe5+ 0-1

[Event "IMSA Blitz Women 2019"]
[Site "Hengshui"]
[Date "2019.05.17"]
[Round "4.2"]
[White "Krush, Irina"]
[Black "Zhao, Xue"]
[Result "0-1"]
[WhiteElo "2422"]
[BlackElo "2485"]
[Annotator "TA"]
[PlyCount "52"]
[EventDate "2019.05.17"]
[EventType "blitz"]
[EventCountry "CHN"]
[SourceTitle "playchess.com"]
[Source "ChessBase"]
[SourceQuality "1"]

{[%evp 10,154,6,-5,18,0,0,0,14,10,31,16,-1,-20,-28,-19,-16,-90,-92,-93,-83,-94,-96,-110,-52,-77,-65,-72,-54,-52,-48,-66,-58,-69,-25,-75,-56,-127,-135,-150,-148,-152,-144,-191,-55,-146,-51,-265,-51,-54,-9,-150,-130,-130,9,-9,0,0,190,66,85,58,112,22,17,17,41,0,0,0,0,0,0,0,0,0,0,0,0,0,0,0,0,0,0,0,0,0,0,0,0,0,0,0,0,0,0,0,31,12,31,31,31,31,31,31,433,418,522,191,190,53,53,53,166,0,0,0,0,0,0,0,0,0,0,-12781,0,-29964,0,0,0,0,0,-29965,-29960,-4134,0,0,0,0,0,-29973,-29967,-29977,-29978,-29977,-29976]} 1. d4 Nf6 2. c4 e6 3. Nc3 Bb4 4. e3 d5 5. Nf3 O-O 6. Bd2 Re8 {E51: Nimzo-Indian: Rubinstein: 4...0-0 5 Nf3 d5} (6... b6 7. Bd3 dxc4 8. Bxc4 Bb7 9. O-O Nbd7 10. Qe2 a6 11. Rfd1 b5 12. Bd3 c5 13. Rac1 cxd4 14. Nxd4 Qe7 15. Bb1 Rac8 16. a3 Bd6 17. Na2 Nd5 {0-1 (36) Jakovenko,D (2735)-Giri,A (2783) St Petersburg 2018}) 7. Rc1 Bf8 $146 ({Predecessor:} 7... Nbd7 8. Qb3 c5 9. dxc5 Bxc3 10. Bxc3 Nxc5 11. Qa3 Nce4 12. Bxf6 Nxf6 13. cxd5 Nxd5 14. Bc4 Nb6 15. Be2 Qe7 16. Qxe7 Rxe7 17. Ne5 f6 18. Nc4 Nxc4 19. Bxc4 Bd7 20. f4 Kf8 21. Kf2 {½-½ (21) Predojevic,B (2614)-Brkic,A (2563) Sarajevo 2017}) 8. Bd3 b6 {The position is equal.} 9. O-O Bb7 10. Qe2 c5 11. dxc5 bxc5 12. Rfd1 Nbd7 13. e4 (13. b3 $11) 13... d4 $17 14. Na4 Bc6 15. Bc2 e5 16. Ne1 Rb8 (16... Nb6 $17 17. Nxb6 axb6) 17. Rb1 Bd6 18. f3 Nf8 19. Nd3 Ne6 20. b3 Nh5 21. Nab2 Qf6 22. g3 Qg6 $36 {[%mdl 2048] Black has good play.} 23. Rf1 (23. Qg2 $15) 23... Nhf4 24. Nxf4 exf4 ({But not} 24... Nxf4 25. Qe1 $15) 25. g4 h5 26. h3 d3 {Played: Qg6-g5} 0-1

[Event "IMSA Blitz Women 2019"]
[Site "Hengshui"]
[Date "2019.05.17"]
[Round "5.1"]
[White "Koneru, Humpy"]
[Black "Dzagnidze, Nana"]
[Result "1-0"]
[WhiteElo "2553"]
[BlackElo "2510"]
[Annotator "ChessBase"]
[PlyCount "49"]
[EventDate "2019.05.17"]
[EventType "blitz"]
[EventCountry "CHN"]
[SourceTitle "playchess.com"]
[Source "ChessBase"]
[SourceQuality "1"]
[TimeControl "180+2"]

1. d4 {[%emt 0:00:00]} Nf6 {[%emt 0:00:00]} 2. c4 {[%emt 0:00:04]} e6 {[%emt 0:00:01]} 3. Nf3 {[%emt 0:00:06]} d5 {[%emt 0:00:01]} 4. Nc3 {[%emt 0:00:01]} dxc4 {[%emt 0:00:07]} 5. e4 {[%emt 0:00:02]} Bb4 {[%emt 0:00:02]} 6. Bg5 {[%emt 0:00:02]} c5 {[%emt 0:00:02]} 7. e5 {[%emt 0:00:03]} cxd4 {[%emt 0:00:02]} 8. Nxd4 {[%emt 0:00:03]} Qa5 {[%emt 0:00:12]} 9. exf6 {[%emt 0:00:02]} Bxc3+ {[%emt 0:00:02]} 10. bxc3 {[%emt 0:00:01]} Qxg5 {[%emt 0:00:02]} 11. fxg7 {[%emt 0:00:02]} Qxg7 {[%emt 0:00:03]} 12. Qd2 {[%emt 0:00:01]} O-O {[%emt 0:00:04]} 13. Bxc4 {[%emt 0:00:02]} Nd7 {[%emt 0:00:01]} 14. O-O {[%emt 0:00:04]} b6 {[%emt 0:00:35]} 15. Rae1 {[%emt 0:00:41]} Bb7 {[%emt 0:00:14]} 16. f4 {[%emt 0:00:10]} Kh8 {[%emt 0:00:29]} 17. Re3 {[%emt 0:00:27]} Nc5 {[%emt 0:00:10]} 18. f5 {[%emt 0:00:29]} Rg8 {[%emt 0:00:05]} 19. g3 {[%emt 0:00:21]} e5 {[%emt 0:00:18]} 20. f6 {[%emt 0:00:11]} Qh6 {[%emt 0:00:08]} 21. Nf5 {[%emt 0:00:14]} Qh5 {[%emt 0:00:36]} 22. Rxe5 {[%emt 0:00:25]} Rad8 {[%emt 0:00:21]} 23. Qe3 {[%emt 0:00:04]} Rg5 {[%emt 0:00:08]} 24. Re8+ {[%emt 0:00:05]} Rxe8 25. Qxe8+ 1-0

[Event "IMSA Blitz Women 2019"]
[Site "Hengshui"]
[Date "2019.05.17"]
[Round "5.1"]
[White "Kosteniuk, Alexandra"]
[Black "Tan, Zhongyi"]
[Result "0-1"]
[WhiteElo "2546"]
[BlackElo "2513"]
[Annotator "TA"]
[PlyCount "76"]
[EventDate "2019.05.17"]
[EventType "blitz"]
[EventCountry "CHN"]
[SourceTitle "playchess.com"]
[Source "ChessBase"]
[SourceQuality "1"]

{[%evp 19,76,28,18,7,18,19,18,26,27,-25,4,-31,-31,-62,0,-29,-24,-27,0,0,0,-17,0,0,0,-63,7,-53,-43,-70,-64,-60,-41,-79,-70,-84,-60,-172,-163,-341,-350,-459,-444,-509,-503,-520,-511,-531,-533,-558,-569,-700,-707,-1206,-1258,-1258,-1267,-1229,-1219]} 1. e4 e5 2. Nf3 Nc6 3. Bb5 Nf6 4. O-O Nxe4 5. d4 Nd6 6. Bxc6 dxc6 7. dxe5 Nf5 8. Qxd8+ Kxd8 9. Rd1+ Ke8 10. Nc3 Be7 11. Ne4 {C67: Ruy Lopez: Berlin Defence: 4 0-0 Nxe4} (11. Ne2 Nh4 12. Nxh4 Bxh4 13. Nd4 a6 14. Bf4 c5 15. Ne2 Bf5 16. c4 Rd8 17. Nc3 Rd7 18. Be3 b6 {½-½ (41) Vachier Lagrave,M (2779)-Aronian,L (2767) Saint Louis 2018}) 11... Nh4 $146 ({Predecessor:} 11... Be6 12. h3 Bd5 13. Re1 Rd8 14. Bf4 Kf8 15. Rad1 h6 16. e6 Bxe6 17. Bxc7 Rxd1 18. Rxd1 Bd5 {1-0 (64) Lagno,K (2553)-Zhao,X (2565) Beijing 2012}) 12. Nd4 Nf5 13. Ne2 {The position is equal.} b6 14. Bg5 (14. b3 $142) 14... h6 15. Bxe7 Kxe7 16. Nf4 Be6 ({Black should play} 16... Re8 $15) 17. f3 Rad8 18. Kf2 Bd5 19. Nc3 {[%cal Rc3d5]} Be6 20. g4 Nd4 21. Rac1 c5 22. a4 (22. Nh5 $11) 22... a6 (22... g5 $15 23. Nxe6 Kxe6) 23. Ne4 (23. Nh5 $11) 23... Nc6 $15 24. Re1 Rd4 25. b3 Rhd8 26. Ne2 R4d7 27. h3 c4 28. f4 ({Better is} 28. Nf4 $15) 28... cxb3 $19 29. cxb3 $2 (29. f5) 29... Nb4 ({And not} 29... Bxb3 30. Rxc6 Bd5 31. Rec1 $11) 30. f5 Nd3+ {[%mdl 64] [#] Double Attack. Black is clearly winning.} 31. Kf1 Bxb3 32. Rc3 Nxe1 33. Rxb3 Nd3 34. N2g3 Nxe5 35. Nh5 Kf8 36. Nf4 Rd4 37. Re3 Nc4 38. Re2 {[#]} Rxe4 $1 {[%mdl 64] Remove Defender. Accuracy: White = 20%, Black = 57%.} 0-1